[Event "Djerba Blitz 2025"]
[Site "Djerba TUN"]
[Date "2025.02.19"]
[Round "7.6"]
[White "Kakavand, Ramtin"]
[Black "Edouard, Romain"]
[Result "1/2-1/2"]
[WhiteTitle "FM"]
[BlackTitle "GM"]
[WhiteElo "2106"]
[BlackElo "2544"]
[WhiteFideId "32790597"]
[BlackFideId "633429"]
[EventDate "2025.02.19"]

1. e4 c5 2. Nf3 d6 3. Bb5+ Nd7 4. a4 Nf6 5. Nc3 g6 6. O-O Bg7 7. d4 cxd4 8. Qxd4
O-O 9. Re1 a6 10. Bf1 b6 11. e5 dxe5 12. Nxe5 Bb7 13. Nxd7 Nxd7 14. Qh4 e6 15.
Bg5 Bf6 16. Bxf6 Qxf6 17. Qxf6 Nxf6 18. Rad1 Nd5 19. Nxd5 Bxd5 20. c4 Bc6 21.
Rd6 Rfc8 22. b3 Kf8 23. a5 Ke7 24. Rd3 b5 25. c5 b4 26. Rd6 Be8 27. Rxa6 Rxa6
28. Bxa6 Rxc5 29. Ra1 Kd6 30. Be2 Kc7 31. a6 Kb8 32. h4 Ka7 33. Bc4 Bc6 34. Rd1
Bd5 35. Bxd5 exd5 36. Rd4 Rb5 37. Kf1 Kxa6 38. Ke2 Kb6 39. Rf4 f5 40. g4 fxg4
41. Rxg4 Kc5 42. h5 Rb6 43. Rh4 g5 44. Rg4 h6 45. f4 Re6+ 46. Kf3 Rf6 47. Ke3
Rxf4 48. Rg1 Rh4 49. Rc1+ Kd6 50. Rc8 Rxh5 51. Rb8 Rh3+ 52. Kd4 Rh4+ 53. Kd3 Ke5
54. Re8+ Kf4 55. Rd8 g4 56. Rxd5 Kg3 57. Ke2 Kh2 58. Rd4 Kh3 59. Rxb4 g3 60.
Rxh4+ Kxh4 61. Kf1 Kg4 62. b4 Kf4 63. b5 Ke5 64. Kg2 1/2-1/2

[Event "Djerba Blitz 2025"]
[Site "Djerba TUN"]
[Date "2025.02.19"]
[Round "7.30"]
[White "Chaouech, Oussama"]
[Black "Benzarti, Thabet"]
[Result "1/2-1/2"]
[WhiteElo "1651"]
[BlackElo "1664"]
[WhiteFideId "5541450"]
[BlackFideId "5529441"]
[EventDate "2025.02.19"]

1. e4 d6 2. Nc3 g6 3. d4 Bg7 4. f4 e6 5. Nf3 Ne7 6. Bd3 O-O 7. O-O c5 8. dxc5
dxc5 9. Be3 b6 10. Qe2 Bb7 11. Rad1 Qc7 12. e5 Nf5 13. Bxf5 exf5 14. Nd5 Bxd5
15. Rxd5 Nc6 16. a3 Rad8 17. Rfd1 Rxd5 18. Rxd5 Ne7 19. Rd6 Rd8 20. Qd2 Nc6 21.
b4 cxb4 22. axb4 b5 23. Bxa7 Rxd6 24. Qxd6 Qxa7+ 25. Kf1 Qa1+ 26. Ke2 Qc3 27.
Ng5 Nd4+ 28. Kf1 Qc4+ 29. Kg1 Ne2+ 30. Kh1 Nxf4 31. Qd8+ Bf8 32. Qd1 Qe2 33. Qg1
Qxc2 34. h4 Bxb4 35. Kh2 1/2-1/2

[Event "Djerba Blitz 2025"]
[Site "Djerba TUN"]
[Date "2025.02.19"]
[Round "8.3"]
[White "Stopa, Jacek"]
[Black "Oro, Faustino"]
[Result "0-1"]
[WhiteTitle "GM"]
[BlackTitle "IM"]
[WhiteElo "2310"]
[BlackElo "2447"]
[WhiteFideId "1119591"]
[BlackFideId "20000197"]
[EventDate "2025.02.19"]

1. d4 Nf6 2. c4 e6 3. Nc3 Bb4 4. e3 O-O 5. Bd3 d5 6. cxd5 exd5 7. Ne2 Re8 8. O-O
b6 9. a3 Bd6 10. b4 c6 11. Qc2 Bb7 12. Rb1 Nbd7 13. f3 Qc7 14. Kh1 Rad8 15. e4
dxe4 16. fxe4 Bxh2 17. e5 Nxe5 18. dxe5 Bxe5 19. Bf4 c5 20. Ne4 Nd5 21. Bd2 cxb4
22. Qxc7 Nxc7 23. Nf2 bxa3 24. Bc3 Bxc3 25. Nxc3 Re3 26. Nb5 Nxb5 27. Bxb5 Rg3
28. Kh2 Rxg2+ 29. Kh3 Rg5 30. Be2 Bc8+ 31. Kh4 Rd4+ 32. Kxg5 h6+ 33. Kh5 Kh7 34.
Bg4 Kg8 35. Be2 0-1

[Event "Djerba Blitz 2025"]
[Site "Djerba TUN"]
[Date "2025.02.19"]
[Round "8.22"]
[White "Hafsa, Yessine"]
[Black "Ajbara Jamal"]
[Result "0-1"]
[WhiteElo "1503"]
[BlackElo "1898"]
[WhiteFideId "5540739"]
[BlackFideId "9012443"]
[EventDate "2025.02.19"]

1. e4 e5 2. Nf3 Nc6 3. d4 exd4 4. Nxd4 Bc5 5. Nb3 Bb6 6. Nc3 Nge7 7. Qe2 O-O 8.
Be3 d6 9. O-O-O Be6 10. f4 Bxb3 11. axb3 a5 12. Bxb6 cxb6 13. Nb5 Nc8 14. e5 a4
15. bxa4 Rxa4 16. Kb1 d5 17. g3 N8e7 18. Nc3 Ra5 19. b3 Qa8 20. Kb2 d4 21. Nb1
Ra1 22. Qb5 Qa2+ 0-1

[Event "Djerba Blitz 2025"]
[Site "Djerba TUN"]
[Date "2025.02.19"]
[Round "8.43"]
[White "Baba, Mouadh"]
[Black "Charfeddine, Khaled"]
[Result "0-1"]
[WhiteElo "1688"]
[BlackElo "1908"]
[WhiteFideId "5529409"]
[BlackFideId "5519136"]
[EventDate "2025.02.19"]

1. e4 c6 2. d4 d5 3. Nc3 dxe4 4. Nxe4 Bf5 5. Ng3 Bg6 6. h4 h6 7. h5 Bh7 8. Nf3
Nd7 9. Bd3 Bxd3 10. Qxd3 e6 11. Bd2 Ngf6 12. O-O-O Be7 13. Kb1 Qb6 14. Qb3 O-O-O
15. Qxb6 Nxb6 16. Be3 Bd6 17. Ne5 Bxe5 18. dxe5 Ng4 19. Bxb6 axb6 20. Rxd8+ Rxd8
21. Ne4 Rd4 22. Nd6+ Kc7 23. Nxf7 Rf4 24. Nd6 Rxf2 25. Ne4 Re2 26. Nc3 Rxe5 27.
Rf1 Nf6 28. b3 Rxh5 29. Re1 e5 30. Rg1 Rg5 31. Re1 e4 32. Kc1 Rxg2 33. Nxe4 Nxe4
34. Rxe4 b5 35. Kb2 h5 36. Rh4 g6 37. Rf4 g5 38. Rf5 h4 39. Rf7+ Kb6 40. Rh7 Rg3
41. Kc1 h3 42. Kd1 g4 43. Ke1 Rg2 44. Kf1 Rxc2 45. Rh4 Rg2 46. a3 Rg3 47. Kf2
Rxb3 48. Rxg4 h2 49. Rh4 Rxa3 50. Kg2 Ra2+ 51. Kh1 Rc2 52. Rh6 b4 53. Rxc6+ 0-1

[Event "Djerba Blitz 2025"]
[Site "Djerba TUN"]
[Date "2025.02.19"]
[Round "9.1"]
[White "Maurizzi, Marc'Andria"]
[Black "Oro, Faustino"]
[Result "0-1"]
[WhiteTitle "GM"]
[BlackTitle "IM"]
[WhiteElo "2581"]
[BlackElo "2447"]
[WhiteFideId "36083534"]
[BlackFideId "20000197"]
[EventDate "2025.02.19"]

1. Nf3 Nf6 2. d4 d5 3. c3 e6 4. Bf4 Bd6 5. e3 O-O 6. Nbd2 c5 7. Bd3 Bxf4 8. exf4
b6 9. O-O Ba6 10. Bxa6 Nxa6 11. Qe2 Nb8 12. Ne5 Qc7 13. g3 Nc6 14. Rac1 Rac8 15.
Qe3 h6 16. Kg2 Ne7 17. Qd3 Nf5 18. g4 Nd6 19. f3 Nd7 20. Qe2 Rfe8 21. Nd3 a5 22.
h4 Qc6 23. Ne5 Qc7 24. h5 f6 25. dxc5 fxe5 26. cxd6 Qxd6 27. fxe5 Nxe5 28. Rce1
Nf7 29. f4 e5 30. Qe3 Qd7 31. Qg3 exf4 32. Qxf4 Ng5 33. Qf5 Qb5 34. Nb3 Rf8 35.
Qc2 Rxf1 36. Rxf1 Qc4 37. Qd1 Qe4+ 38. Kh2 Qe5+ 39. Kg2 Ne6 40. Qe1 Qd6 41. Qg3
Qd7 42. Rf5 d4 43. Rf3 Qd5 44. Kh2 dxc3 45. Rxc3 Rf8 46. Rd3 Qc4 47. Rd2 Ng5 48.
Rf2 Re8 49. Nd2 Qxa2 50. Qf4 Qxb2 51. Ne4 Qe5 52. Nxg5 hxg5 53. Qxe5 Rxe5 54.
Rc2 b5 55. Rc7 b4 56. Rb7 Re2+ 57. Kg3 Re3+ 58. Kf2 Ra3 59. Ke2 Rg3 60. Rb5 Ra3
61. Kd2 b3 62. Rxg5 a4 63. Rb5 Ra2+ 64. Kc3 Rg2 65. g5 Rg3+ 66. Kb2 Rg2+ 67. Kc3
Kh7 68. Kd3 b2 69. h6 gxh6 70. Rb7+ Kg6 71. Kd4 0-1

[Event "Djerba Blitz 2025"]
[Site "Djerba TUN"]
[Date "2025.02.19"]
[Round "9.2"]
[White "Dardha, Daniel"]
[Black "Pichon, Ewen"]
[Result "1-0"]
[WhiteTitle "GM"]
[BlackTitle "FM"]
[WhiteElo "2652"]
[BlackElo "2351"]
[WhiteFideId "240990"]
[BlackFideId "45155593"]
[EventDate "2025.02.19"]

1. c4 e6 2. Nf3 d5 3. e3 Nf6 4. Nc3 a6 5. b3 Bd6 6. Bb2 Nbd7 7. Qc2 b6 8. cxd5
exd5 9. Nxd5 Nxd5 10. Qe4+ Kf8 11. Qxd5 Rb8 12. Bc4 Qe7 13. O-O Bb7 14. Qf5 Be4
15. Qg4 Nf6 16. Qh3 Rg8 17. Ng5 Bg6 18. f4 h6 19. f5 Bh5 20. Bxf6 1-0

[Event "Djerba Blitz 2025"]
[Site "Djerba TUN"]
[Date "2025.02.19"]
[Round "9.3"]
[White "Thorfinnsson, Bjorn"]
[Black "Moussard, Jules"]
[Result "0-1"]
[WhiteTitle "IM"]
[BlackTitle "GM"]
[WhiteElo "2377"]
[BlackElo "2595"]
[WhiteFideId "2300982"]
[BlackFideId "642908"]
[EventDate "2025.02.19"]

1. d4 Nf6 2. Nf3 e6 3. Bg5 d5 4. e3 h6 5. Bh4 c5 6. c3 Nbd7 7. Nbd2 Qc7 8. Bd3
Bd6 9. O-O b6 10. Re1 Bb7 11. Bg3 Bxg3 12. hxg3 O-O 13. Rc1 e5 14. dxe5 Nxe5 15.
Nxe5 Qxe5 16. Nf3 Qe7 17. Bb1 Rfe8 18. Qa4 Ne4 19. Rcd1 Qf6 20. Qd7 Bc6 21. Qg4
Nd6 22. Qf4 Qxf4 23. gxf4 Nc4 24. Re2 Rad8 25. b3 Nd6 26. Red2 Nb5 27. Rc1 f6
28. Bd3 Nc7 29. Rcd1 a5 30. Bg6 Re7 31. e4 b5 32. Nh4 b4 33. cxb4 axb4 34. Nf5
Red7 35. exd5 Nxd5 36. g3 Kf8 37. Ne3 Nc3 38. Rxd7 Rxd7 39. Rxd7 Bxd7 40. Bf5
Bxf5 41. Nxf5 Nxa2 42. Nd6 0-1

[Event "Djerba Blitz 2025"]
[Site "Djerba TUN"]
[Date "2025.02.19"]
[Round "9.4"]
[White "Maghsoodloo, Parham"]
[Black "Willems, Niels"]
[Result "1-0"]
[WhiteTitle "GM"]
[BlackTitle "FM"]
[WhiteElo "2680"]
[BlackElo "2414"]
[WhiteFideId "12539929"]
[BlackFideId "20695586"]
[EventDate "2025.02.19"]

1. c4 Nf6 2. b3 c5 3. Bb2 Nc6 4. Nf3 d5 5. cxd5 Nxd5 6. g3 f6 7. Bg2 e5 8. O-O
Be6 9. a3 Be7 10. e3 O-O 11. Qc2 Rc8 12. d3 Qd7 13. Nbd2 Rfd8 14. Rfd1 b6 15.
Rac1 Bf8 16. Qb1 Nde7 17. Bf1 Bf5 18. Ne4 Bg4 19. Be2 Be6 20. b4 cxb4 21. axb4
Nxb4 22. Bxe5 Na2 23. Rxc8 Rxc8 24. Bxf6 Bd5 25. Ba1 Nc6 26. d4 Ncb4 27. Neg5 g6
28. e4 Bc4 29. Ne5 Qe7 30. Bxc4+ Rxc4 31. Qb3 b5 32. Nxc4 bxc4 33. Qxc4+ Kh8 34.
d5+ 1-0

[Event "Djerba Blitz 2025"]
[Site "Djerba TUN"]
[Date "2025.02.19"]
[Round "9.5"]
[White "Edouard, Romain"]
[Black "Viers, Emmanuel"]
[Result "1-0"]
[WhiteTitle "GM"]
[WhiteElo "2544"]
[BlackElo "2072"]
[WhiteFideId "633429"]
[BlackFideId "656739"]
[EventDate "2025.02.19"]

1. Nf3 Nf6 2. g3 b6 3. Bg2 Bb7 4. d3 g6 5. e4 d6 6. O-O Bg7 7. Nh4 e5 8. f4 exf4
9. gxf4 Nxe4 10. Qe1 O-O 11. dxe4 Re8 12. Nc3 Nd7 13. Nf3 f5 14. e5 dxe5 15.
fxe5 Nxe5 16. Qg3 Ng4 17. Bg5 Qd7 18. Rad1 Qc6 19. Kh1 Bxc3 20. bxc3 Qxc3 21.
Rd7 Re2 22. Rxc7 Rxg2 23. Kxg2 1-0

[Event "Djerba Blitz 2025"]
[Site "Djerba TUN"]
[Date "2025.02.19"]
[Round "9.6"]
[White "Boudriga, Mohamed Ali"]
[Black "Kobalia, Mikhail"]
[Result "0-1"]
[WhiteTitle "IM"]
[BlackTitle "GM"]
[WhiteElo "2323"]
[BlackElo "2538"]
[WhiteFideId "5500460"]
[BlackFideId "4119150"]
[EventDate "2025.02.19"]

1. e4 c5 2. Nf3 e6 3. d4 cxd4 4. Nxd4 Nc6 5. Nb5 d6 6. c4 Nf6 7. N1c3 a6 8. Na3
b6 9. Be2 Bb7 10. O-O Ne5 11. f3 Be7 12. Be3 Ned7 13. Qd2 Qc7 14. Rac1 Rc8 15.
Rfd1 O-O 16. Bf1 Qb8 17. Nc2 Rfe8 18. Nd4 Bd8 19. Nb3 Bc7 20. Bf4 Ne5 21. Kh1
Nh5 22. Bxe5 dxe5 23. c5 Nf4 24. Na4 Rcd8 25. Qf2 Rxd1 26. Rxd1 b5 27. Nb6 h5
28. Na5 Ba8 29. b4 Rd8 30. Rxd8+ Qxd8 31. Nxa8 Qxa8 32. Nb3 f5 33. exf5 exf5 34.
Qd2 e4 35. Qe3 0-1

[Event "Djerba Blitz 2025"]
[Site "Djerba TUN"]
[Date "2025.02.19"]
[Round "9.34"]
[White "Guinet, Andy"]
[Black "Charfeddine, Khaled"]
[Result "0-1"]
[WhiteElo "1665"]
[BlackElo "1908"]
[WhiteFideId "26075857"]
[BlackFideId "5519136"]
[EventDate "2025.02.19"]

1. e4 c6 2. Nf3 d5 3. e5 c5 4. Be2 Nc6 5. O-O Bg4 6. Bb5 e6 7. h3 Bh5 8. d3 Ne7
9. Bf4 a6 10. Bxc6+ Nxc6 11. Nbd2 Be7 12. c4 O-O 13. b3 Qd7 14. Re1 Rad8 15. Qc2
Bg6 16. Qc3 d4 17. Qc1 Bxd3 18. Ne4 Bxe4 19. Rxe4 Nb4 20. a3 0-1

[Event "Djerba Blitz 2025"]
[Site "Djerba TUN"]
[Date "2025.02.19"]
[Round "9.35"]
[White "Chaouech, Oussama"]
[Black "Chaudesaygues, Hugo"]
[Result "1-0"]
[WhiteElo "1651"]
[BlackElo "1624"]
[WhiteFideId "5541450"]
[BlackFideId "652013740"]
[EventDate "2025.02.19"]

1. d4 d5 2. c4 c6 3. Nc3 e6 4. Bf4 Bd6 5. Bxd6 Qxd6 6. e3 Nf6 7. Nf3 Ne4 8. cxd5
Nxc3 9. bxc3 exd5 10. Qb3 b5 11. a4 bxa4 12. Rxa4 O-O 13. Ne5 Nd7 14. Nxd7 Bxd7
15. Qa2 Rfb8 16. Bd3 Rb7 17. O-O c5 18. Ra6 Qc7 19. Qxd5 cxd4 20. exd4 Be6 21.
Qf3 Rab8 22. d5 Bc8 23. c4 Rb3 24. Rc6 Qe7 25. Rxc8+ Rxc8 26. Bxh7+ Kxh7 27.
Qxb3 f6 28. Qd3+ 1-0

[Event "Djerba Blitz 2025"]
[Site "Djerba TUN"]
[Date "2025.02.19"]
[Round "9.39"]
[White "Kolodner, Garry"]
[Black "Mallah, Abderrahmane"]
[Result "0-1"]
[WhiteElo "1697"]
[BlackElo "1556"]
[WhiteFideId "2647630"]
[BlackFideId "5549655"]
[EventDate "2025.02.19"]

1. e4 Nf6 2. e5 Nd5 3. d4 d6 4. Nf3 Bg4 5. Be2 Nc6 6. c4 Nb6 7. exd6 cxd6 8. d5
Bxf3 9. dxc6 Bxg2 10. Rg1 Bxc6 11. b3 e5 12. Bb2 g6 13. Nd2 Bg7 14. Qc2 O-O 15.
O-O-O a5 16. Ne4 a4 17. Nxd6 axb3 18. axb3 Qc7 19. Ne4 Ra2 20. Kb1 Rfa8 21. Rd2
Nd7 22. Rgd1 Nf6 23. Nc5 e4 24. Qc1 h5 25. h3 Kh7 26. Bf1 Nd7 27. Bxg7 Kxg7 28.
Nxd7 Ra1+ 29. Kb2 R8a2+ 30. Kc3 Rxc1+ 31. Rxc1 Rxd2 32. Kxd2 Qxd7+ 33. Kc2 Qe6
34. Rd1 e3 35. fxe3 Be4+ 36. Kc1 Qf5 37. Rd4 Bb1 38. Bd3 Qf2 39. Kxb1 Qxe3 40.
Rd5 Qe1+ 41. Kc2 Qf2+ 42. Kc3 Qf3 43. Rd7 Qxh3 44. Kb4 Qxd7 0-1

[Event "Djerba Blitz 2025"]
[Site "Djerba TUN"]
[Date "2025.02.19"]
[Round "9.42"]
[White "Kammoun, Adam"]
[Black "Soudani, Hassan"]
[Result "0-1"]
[WhiteElo "1571"]
[BlackElo "1598"]
[WhiteFideId "5540305"]
[BlackFideId "5508444"]
[EventDate "2025.02.19"]

1. d4 d5 2. c4 Nf6 3. Nc3 e6 4. cxd5 exd5 5. Bg5 Bb4 6. Qc2 O-O 7. e3 Nbd7 8.
Nf3 Qe7 9. Be2 a5 10. a3 Bd6 11. Nb5 b6 12. Nxc7 Ra7 13. Nxd5 Qe6 14. Nxf6+ Nxf6
15. Bc4 Qe4 16. Qxe4 Nxe4 17. Bh4 Bg4 18. Nd2 Nxd2 19. Kxd2 Rc7 20. Rac1 h6 21.
f3 Bh5 22. Bg3 Rd7 23. Bxd6 Rxd6 24. Bd3 f5 25. Rc2 f4 26. Re1 Re6 27. Bc4 Bf7
28. Bxe6 Bxe6 29. exf4 Bf5 30. Rc6 Rb8 31. Re5 Bd7 32. Rd6 Ba4 33. Ree6 Rc8 34.
Rxb6 Rc2+ 35. Kd3 Rxg2 36. Rg6 Bc2+ 37. Kc4 Bxg6 38. Rb5 Rc2+ 39. Kd5 Bh5 40.
Rc5 Rxh2 41. Rxa5 Bxf3+ 42. Kc4 Rc2+ 43. Kd3 Rxb2 44. d5 Rb3+ 45. Kd4 Rb1 46. d6
Kh7 47. Ke3 Rb3+ 48. Kf2 Bg4 49. Rd5 Rxa3 50. d7 Rf3+ 51. Kg2 Bxd7 52. Kxf3 Bc6
53. Ke3 Bxd5 54. Kd4 Kg6 55. Ke5 Bg2 56. f5+ 0-1